[Event "AUTO-ADV-4911"]
[Site "http://www.queenalice.com/game.php?id=1867632"]
[Date "2026.1.7"]
[Round "1"]
[White "altair"]
[Black "Tonto"]
[Result "1-0"]
[WhiteElo "1815"]
[BlackElo "1998"]

1. e4 e5 2. Nf3 d6 3. h3 Be7 4. Be2 Nf6 5. d3 O-O 6. O-O Be6 7. Nc3 c6 8. Be3
Nbd7 9. a3 d5 10. exd5 cxd5 11. d4 e4 12. Nh2 h6 13. Bh5 Nxh5 14. Qxh5 Bg5 15.
f4 exf3 16. Rxf3 Bxe3+ 17. Rxe3 Nf6 18. Qe2 Bf5 19. Qf2 Bg6 20. Nf3 Ne4 21. Nxe4
dxe4 22. Nd2 Qxd4 23. Rd1 Rfe8 24. c3 Qa4 25. Qe2 Rad8 26. Re1 Qc2 27. Nxe4 Qxe2
28. R3xe2 Kf8 29. Nc5 Rxe2 30. Rxe2 b6 31. Na6 Bd3 32. Rd2 Ke7 33. Nb4 Bc4 34.
Nc6+ Kf6 35. Nxd8 a5 36. Rf2+ Kg6 37. Rf4 b5 38. Nb7 a4 39. Nd6 Bd3 40. Nxf7 Bc2
41. Nd6 Kg5 42. Rg4+ Kf6 43. Ne8+ Kf7 44. Nxg7 Bd1 45. Rg3 h5 46. Nf5 Kf6 47.
Nd6 Be2 48. Re3 Bd1 49. Nxb5 1-0

[Event "AUTO-ADV-4911"]
[Site "http://www.queenalice.com/game.php?id=1867633"]
[Date "2026.1.7"]
[Round "1"]
[White "Tonto"]
[Black "altair"]
[Result "1-0"]
[WhiteElo "1971"]
[BlackElo "1838"]

1. e4 e5 2. Nf3 d6 3. Be2 a6 4. Nc3 Nf6 5. d3 h6 6. Be3 Be7 7. Qd2 O-O 8. Nd5 b5
9. Qa5 Nxd5 10. exd5 c6 11. Qxd8 Bxd8 12. dxc6 Nxc6 13. O-O f5 14. Bc1 e4 15.
dxe4 fxe4 16. Nd2 d5 17. b3 Bc7 18. a4 Nb4 19. axb5 Nxc2 20. Ra2 Nd4 21. Re1
Nxb5 22. Bxb5 Bb7 23. Bd7 Rf7 24. Be6 Re8 25. Bxf7+ Kxf7 26. Nf1 Bb6 27. Ne3 d4
28. Nf5 Kf6 29. Nd6 Re7 30. Nxb7 Rxb7 31. Rxa6 Kf5 32. Bb2 Bc5 33. Rc6 Ba7 34.
Ra1 Rxb3 35. Rxa7 Rxb2 36. Ra5+ Kf4 37. h3 e3 38. fxe3+ Kxe3 39. Ra3+ Ke2 40.
Re6+ Kd2 41. Kf1 Rb1+ 42. Kf2 Rb2 43. Re2+ Kc1 44. Ra1+ Rb1 45. Re1+ 1-0

[Event "AUTO-ADV-4911"]
[Site "http://www.queenalice.com/game.php?id=1867634"]
[Date "2026.1.7"]
[Round "1"]
[White "altair"]
[Black "Carlos19"]
[Result "1-0"]
[WhiteElo "1798"]
[BlackElo "1832"]

1. e4 e5 2. d3 Bc5 3. Nf3 d6 4. a4 Nf6 5. h3 h6 6. c3 O-O 7. b4 Na6 8. bxc5 Nxc5
9. Be2 b6 10. O-O a5 11. Nfd2 Be6 12. d4 Ncxe4 13. Nxe4 Nxe4 14. Bf3 f5 15. Nd2
d5 16. Bxe4 fxe4 17. f3 exf3 18. Nxf3 e4 19. Ne5 Rxf1+ 20. Qxf1 Qf8 21. Ng6
Qxf1+ 22. Kxf1 Kh7 23. Nf4 Re8 24. Kg1 c5 25. Rb1 cxd4 26. cxd4 g5 27. Nh5 Rb8
28. Nf6+ Kg6 29. Ng4 Bxg4 30. hxg4 Kf6 31. Bd2 Re8 32. Rxb6+ Kg7 33. Bxa5 e3 34.
Rd6 Re4 35. Rxd5 Rxg4 36. Re5 Rxd4 37. Re7+ Kg6 38. Re6+ Kh5 39. Rxe3 Rxa4 40.
Bc7 g4 41. Re5+ Kg6 42. Re6+ Kh5 43. Rc6 g3 44. Bxg3 Rg4 45. Bf2 Rg6 46. Rxg6
Kxg6 47. Kh2 h5 48. Kh3 Kg5 49. Be3+ Kg6 50. Kh4 Kf5 51. g3 Kg6 52. Bf4 Kf5 53.
Kxh5 Kf6 54. g4 Kg7 55. Be5+ Kh7 56. g5 Kg8 57. Kh6 Kf8 58. Kh7 Kf7 59. g6+ Kf8
60. g7+ 1-0

[Event "AUTO-ADV-4911"]
[Site "http://www.queenalice.com/game.php?id=1867635"]
[Date "2026.1.7"]
[Round "1"]
[White "Carlos19"]
[Black "altair"]
[Result "0-1"]
[WhiteElo "1820"]
[BlackElo "1782"]

1. e4 e5 2. Nf3 d6 3. Bc4 h6 4. d3 c6 5. b4 Nf6 6. b5 Be7 7. a4 O-O 8. bxc6 Nxc6
9. Nc3 Na5 10. Ba2 Nc6 11. Nd5 Be6 12. Nxe7+ Qxe7 13. Bxe6 Qxe6 14. c4 a6 15. h3
Nd4 16. Nxd4 exd4 17. Ba3 Rab8 18. O-O b5 19. axb5 axb5 20. cxb5 Rxb5 21. Rb1
Ra5 22. Qc1 Nh5 23. g4 Nf6 24. f4 Rc8 25. Qb2 Ra4 26. f5 Qd7 27. Rfc1 d5 28. e5
Nh7 29. Bc5 Ng5 30. Bxd4 Nf3+ 31. Kf2 Nxd4 32. Rxc8+ Qxc8 33. Rc1 Qa6 34. Qb8+
Kh7 35. Ke3 Qa7 36. Qxa7 Nxf5+ 37. Kf3 Nd4+ 38. Ke3 Nf5+ 39. Kd2 Rxa7 40. Rc5
Ne7 41. Ke3 Ra1 42. Ke2 Rh1 43. Rc7 Ng6 44. Rxf7 Nxe5 45. d4 Nxf7 0-1

[Event "AUTO-ADV-4914"]
[Site "http://www.queenalice.com/game.php?id=1868228"]
[Date "2026.1.21"]
[Round "1"]
[White "Fauquinelle"]
[Black "altair"]
[Result "1-0"]
[WhiteElo "2018"]
[BlackElo "1783"]

1. e4 e5 2. Nf3 d6 3. d4 Nc6 4. d5 Nce7 5. Be3 h6 6. Be2 a6 7. O-O Nf6 8. Nbd2
b5 9. c4 bxc4 10. Nxc4 Nxe4 11. Na5 Rb8 12. Qa4+ Bd7 13. Qxe4 Rxb2 14. Bc4 c6
15. Nxc6 Nxc6 16. dxc6 Bc8 17. Nxe5 dxe5 18. Qxe5+ Be6 19. Bxe6 Rb5 20. Bd7# 1-0

[Event "AUTO-ADV-4914"]
[Site "http://www.queenalice.com/game.php?id=1868229"]
[Date "2026.1.21"]
[Round "1"]
[White "altair"]
[Black "Fauquinelle"]
[Result "0-1"]
[WhiteElo "1776"]
[BlackElo "2032"]

1. e4 c6 2. d4 d5 3. e5 Bf5 4. Nc3 e6 5. f3 c5 6. Be3 cxd4 7. Bxd4 Bb4 8. a3 Ba5
9. Bd3 Bg6 10. Ne2 Ne7 11. O-O Nf5 12. b4 Nxd4 13. Nxd4 Bb6 14. Bxg6 hxg6 15.
Nb5 Nc6 16. Nd6+ Kf8 17. c3 Qh4 18. h3 Nxd4 19. Nxb7 Nxf3+ 20. Kh1 Nxe5 21. Nc5
Ke7 22. Qd2 g5 23. Qe2 Ng4 24. Qxg4 Qxg4 0-1

[Event "AUTO-ADV-4914"]
[Site "http://www.queenalice.com/game.php?id=1868244"]
[Date "2026.1.21"]
[Round "1"]
[White "game"]
[Black "altair"]
[Result "0-1"]
[WhiteElo "1672"]
[BlackElo "1771"]

1. e4 e5 2. Nf3 d6 3. Bc4 h6 4. d4 exd4 5. Qxd4 Nc6 6. Qd5 Be6 7. Qd3 Qd7 8. O-O
Nf6 9. Nc3 a6 10. Bb3 Be7 11. Re1 Nb4 12. Qd2 Bxb3 13. axb3 O-O-O 14. Qe3 Nxc2
15. Qa7 c5 16. Qxc5+ dxc5 17. Ne5 Qe6 18. Bf4 Nxa1 19. Rxa1 g5 20. Bg3 Bd6 21.
Nd5 Bxe5 22. Rc1 Bxg3 23. Rxc5+ Kb8 24. fxg3 Nxe4 25. Nc7 Qb6 26. Ne6 Rd1# 0-1

[Event "AUTO-ADV-4914"]
[Site "http://www.queenalice.com/game.php?id=1868245"]
[Date "2026.1.21"]
[Round "1"]
[White "altair"]
[Black "game"]
[Result "1-0"]
[WhiteElo "1770"]
[BlackElo "1673"]

1. e4 Nc6 2. a3 e5 3. Nf3 Nd4 4. d3 d6 5. Be3 Bg4 6. Be2 h5 7. Bxd4 exd4 8. Nxd4
g6 9. h3 Bxe2 10. Qxe2 Nf6 11. Nd2 Be7 12. O-O O-O 13. f4 Kg7 14. f5 g5 15. N2f3
g4 16. hxg4 hxg4 17. Nh2 g3 18. Ng4 Rh8 19. Ne3 Rh4 20. Rf3 Qh8 21. Rxg3+ Kh6
22. Ng4+ Kh7 23. Rf1 Rg8 24. Rff3 Kg7 25. Ne5+ Kf8 26. Rxg8+ Qxg8 27. Qf2 Qh8
28. Ne6+ Ke8 29. Nxc7+ Kd8 30. Nxf7+ Kxc7 31. Nxh8 Rxh8 32. Rh3 Ng4 33. Qxa7 Rg8
34. Qa5+ b6 35. Qa7+ Kc6 36. Qxe7 Rc8 37. Rh7 Rc7 38. Qxc7+ Kb5 39. Qxd6 Ne3 40.
Qb4+ Kc6 41. Rh6+ Kb7 42. Qb5 Ng4 43. Rh7+ Kc8 44. Qe8# 1-0

[Event "AUTO-ADV-4918"]
[Site "http://www.queenalice.com/game.php?id=1869161"]
[Date "2026.2.12"]
[Round "1"]
[White "altair"]
[Black "Fauquinelle"]
[Result "0-1"]
[WhiteElo "1827"]
[BlackElo "2089"]

1. e4 c6 2. d3 d5 3. h3 dxe4 4. dxe4 Qxd1+ 5. Kxd1 e5 6. a3 Bc5 7. Be3 Bxe3 8.
fxe3 f5 9. Nc3 Nf6 10. Bd3 fxe4 11. Nxe4 Be6 12. Kd2 Nbd7 13. Nd6+ Ke7 14. Nxb7
a5 15. Nf3 e4 16. Nd4 exd3 17. Nxc6+ Kf8 18. Kxd3 Bd5 19. Nbxa5 Ra6 20. Rad1
Bxc6 21. Nxc6 Rxc6 22. Kd2 Ke7 23. Kc1 Rhc8 24. c3 Ne4 25. Rd4 Nxc3 26. bxc3
Rxc3+ 27. Kb2 Rc2+ 28. Kb1 Rxg2 29. Rhd1 Ne5 30. Re4 Ke6 31. Rb4 Nc4 32. Rc1
Nxa3+ 0-1

[Event "AUTO-ADV-4918"]
[Site "http://www.queenalice.com/game.php?id=1869162"]
[Date "2026.2.12"]
[Round "1"]
[White "Fauquinelle"]
[Black "altair"]
[Result "1-0"]
[WhiteElo "2095"]
[BlackElo "1821"]

1. d4 d5 2. c4 c6 3. Nf3 h6 4. cxd5 cxd5 5. Nc3 e6 6. a3 a6 7. Bf4 Be7 8. e4 Nf6
9. exd5 exd5 10. Qb3 b5 11. g3 O-O 12. Bg2 Nc6 13. O-O Ne4 14. Nxd5 Be6 15.
Nxe7+ Qxe7 16. Qc2 Bd5 17. Rfe1 Rfe8 18. Nd2 f5 19. Nxe4 fxe4 20. Rad1 Qf6 21.
Be5 Nxe5 22. dxe5 Qxe5 23. Re3 Qe6 24. Rde1 Bb3 25. Rxb3 Rac8 26. Rc3 Rxc3 27.
bxc3 Qd6 28. Qc1 Qg6 29. Qf4 e3 30. Bd5+ Kh8 31. Rxe3 Rxe3 32. Qf8+ 1-0

[Event "AUTO-ADV-4905"]
[Site "http://www.queenalice.com/game.php?id=1869586"]
[Date "2026.2.22"]
[Round "2"]
[White "altair"]
[Black "SGF"]
[Result "0-1"]
[WhiteElo "1816"]
[BlackElo "1731"]

1. e4 e5 2. Nf3 Qf6 3. a3 d6 4. h3 Be7 5. Be2 Qg6 6. g4 Qxe4 7. Nc3 Qc6 8. Bb5
Nf6 9. Bxc6+ bxc6 10. d3 h5 11. gxh5 Nxh5 12. Be3 g5 13. Qe2 e4 14. dxe4 a5 15.
Bxg5 Bxg5 16. Nxg5 Nf4 17. Qe3 Ng2+ 18. Ke2 Nxe3 19. Kxe3 f6 20. Ne6 Bxe6 21. h4
d5 22. exd5 Bxd5 23. Rh2 Nd7 24. Re1 O-O-O 25. Kd2 Ne5 26. Nxd5 Nf3+ 27. Ke3
Nxh2 28. Ne7+ Kd7 29. Ng6 Rhe8+ 30. Kd2 Nf3+ 0-1

[Event "AUTO-ADV-4905"]
[Site "http://www.queenalice.com/game.php?id=1869587"]
[Date "2026.2.22"]
[Round "2"]
[White "SGF"]
[Black "altair"]
[Result "0-1"]
[WhiteElo "1750"]
[BlackElo "1797"]

1. e4 e5 2. Qf3 d6 3. d3 h6 4. Be2 Nf6 5. Qg3 Be7 6. Bf3 g5 7. h4 gxh4 8. Qg7
Rh7 9. Bxh6 Rxg7 10. Bxg7 Ng8 11. Nd2 Be6 12. g3 Bf6 13. Bxf6 Nxf6 14. Rxh4 Nbd7
15. O-O-O Qe7 16. Rh8+ Nf8 17. Ne2 O-O-O 18. Rdh1 Ng6 19. Rxd8+ Kxd8 20. a4 d5
21. exd5 Nxd5 22. c4 Nb4 23. Be4 c6 24. Bxg6 fxg6 25. d4 Nd3+ 26. Kc2 Bf5 27.
Rh8+ Kc7 28. Nf3 Ne1+ 29. Kc3 Nxf3 30. b4 exd4+ 31. Nxd4 Qe1+ 32. Kb2 Nxd4 33.
Rh7+ Kb6 34. c5+ Ka6 35. Ka3 Qa1# 0-1

[Event "AUTO-ADV-4921"]
[Site "http://www.queenalice.com/game.php?id=1869806"]
[Date "2026.2.26"]
[Round "1"]
[White "altair"]
[Black "Capixabba789"]
[Result "0-1"]
[WhiteElo "1777"]
[BlackElo "1837"]

1. e4 e5 2. Nf3 d6 3. h3 Nf6 4. d3 Be7 5. Nc3 Be6 6. b3 c5 7. Bb2 Nc6 8. Be2 O-O
9. O-O Nd4 10. Nb1 a5 11. c3 Nxe2+ 12. Qxe2 b6 13. c4 Re8 14. Nc3 Qc8 15. Ng5
Qd7 16. Nxe6 fxe6 17. Nb5 a4 18. f4 exf4 19. Rxf4 e5 20. Rff1 axb3 21. axb3 Kh8
22. Bc1 g6 23. Bg5 Nh5 24. Bxe7 Qxe7 25. Rf2 Nf4 26. Qd2 Rxa1+ 27. Kh2 Raa8 28.
g3 Nh5 29. Rf3 Rf8 30. Rxf8+ Rxf8 31. b4 Rf7 32. bxc5 bxc5 33. Nc3 Qf8 34. Nd1
Rf3 35. h4 Nxg3 36. Qg5 Nf1+ 37. Kg1 Rg3+ 0-1

[Event "AUTO-ADV-4921"]
[Site "http://www.queenalice.com/game.php?id=1869807"]
[Date "2026.2.26"]
[Round "1"]
[White "Capixabba789"]
[Black "altair"]
[Result "0-1"]
[WhiteElo "1851"]
[BlackElo "1746"]

1. d4 d5 2. Nc3 e6 3. f4 a6 4. Nf3 h6 5. e3 Nf6 6. Bd3 Be7 7. O-O O-O 8. Ne5 Bd6
9. Qf3 Nbd7 10. Bd2 b5 11. a3 c5 12. dxc5 Bxc5 13. Nc6 Qe8 14. Ne5 Nxe5 15. fxe5
Nd7 16. Kh1 Nxe5 17. Qg3 Nxd3 18. cxd3 Kh8 19. e4 d4 20. Ne2 e5 21. Qh4 Be7 22.
Qf2 f6 23. Ng3 a5 24. Nf5 Ba6 25. Qg3 Rg8 26. Bxa5 Qf8 27. Bd2 Kh7 28. b4 Rc8
29. Rac1 Rxc1 30. Rxc1 Bc8 31. Rxc8 Qxc8 32. Nxe7 Qc2 33. Qe1 Re8 34. Nf5 Qxd3
35. h3 Rc8 36. Bc1 Qb1 37. Bd2 Qxe1+ 38. Bxe1 Rc1 0-1

[Event "AUTO-ADV-4921"]
[Site "http://www.queenalice.com/game.php?id=1869808"]
[Date "2026.2.26"]
[Round "1"]
[White "altair"]
[Black "maurice916"]
[Result "0-1"]
[WhiteElo "1796"]
[BlackElo "1830"]

1. e4 c6 2. d4 d5 3. e5 c5 4. c3 e6 5. Nf3 Nc6 6. Be2 Qb6 7. b3 cxd4 8. cxd4
Bb4+ 9. Bd2 Nge7 10. O-O O-O 11. Bxb4 Qxb4 12. a3 Qb6 13. b4 Bd7 14. Qd3 Nf5 15.
Rd1 Rac8 16. Nc3 Nce7 17. Rdb1 a6 18. a4 Qc7 19. Rc1 Qd8 20. b5 axb5 21. axb5 b6
22. Ra6 Rc4 23. Rca1 Nc8 24. g4 Nfe7 25. Ng5 g6 26. Qh3 h5 27. gxh5 Kg7 28. Bxc4
dxc4 29. h6+ Kh8 30. Qf3 Nf5 31. h7 Qxg5+ 32. Kh1 Nxd4 33. Qf6+ Qxf6 34. exf6 e5
35. Nd5 Bxb5 36. Ra8 Bc6 37. Rb8 Bxd5+ 38. Kg1 Nf3+ 39. Kf1 Kxh7 40. h3 Kg8 41.
Rd1 Rd8 42. Ke2 Nd4+ 43. Kf1 Kf8 44. Rb1 Ke8 45. Re1 e4 46. f3 Nxf3 47. Kf2 Nxe1
48. Kxe1 Kd7 0-1

[Event "AUTO-ADV-4921"]
[Site "http://www.queenalice.com/game.php?id=1869809"]
[Date "2026.2.26"]
[Round "1"]
[White "maurice916"]
[Black "altair"]
[Result "0-1"]
[WhiteElo "1850"]
[BlackElo "1757"]

1. Nf3 f6 2. d4 d5 3. Bf4 Nc6 4. e3 a6 5. c4 h5 6. Nc3 g5 7. Nxg5 fxg5 8. Bxg5
Bh6 9. Qxh5+ Kd7 10. Bxh6 Nxh6 11. Qxd5+ Ke8 12. Qxd8+ Nxd8 13. Nd5 Ne6 14. f4
Bd7 15. Be2 Bc6 16. Bf3 Kd7 17. Kd2 Nf5 18. Kd3 Rad8 19. g3 Kc8 20. Rae1 Bxd5
21. Bxd5 Nf8 22. g4 Nd6 23. Bf3 Ng6 24. b4 Nh4 25. Bd5 e6 26. Bxe6+ Kb8 27. Kc3
Nf3 28. Re2 Ne4+ 29. Kb3 Rh6 30. Bd5 Nfd2+ 31. Kc2 c6 32. Bxe4 Nxe4 33. Rg1 Rdh8
34. Rgg2 Nd6 35. Kb3 b6 36. a4 b5 37. axb5 axb5 38. cxb5 cxb5 39. e4 Rh3+ 40.
Kc2 Rf3 41. e5 Nc4 42. f5 Rc8 43. Kb1 Rb3+ 44. Ka1 Rxb4 45. Ra2 Ne3 46. Rg3 Rc1#
0-1

[Event "AUTO-ADV-4921"]
[Site "http://www.queenalice.com/game.php?id=1869810"]
[Date "2026.2.26"]
[Round "1"]
[White "altair"]
[Black "Daniel1962"]
[Result "0-1"]
[WhiteElo "1763"]
[BlackElo "1732"]

1. e4 e6 2. d4 c5 3. Nf3 Nf6 4. e5 Nd5 5. a3 cxd4 6. Nxd4 Bc5 7. Be3 Nxe3 8.
fxe3 Qg5 9. Qd2 Qxe5 10. Be2 Nc6 11. c3 Bxd4 12. exd4 Qd5 13. Bf3 Qd6 14. Qe2
Na5 15. Nd2 O-O 16. O-O f5 17. b4 Nc6 18. Nc4 Qe7 19. Rae1 Rf6 20. Qd3 b5 21.
Nd2 Bb7 22. d5 Nd8 23. Qxb5 Rh6 24. d6 Qxd6 25. Re5 Bxf3 26. Rxf3 Qxd2 27. Rd3
Qc1+ 28. Kf2 Rxh2 29. Re1 Qc2+ 30. Ke3 Rxg2 31. Kf4 Qf2+ 32. Ke5 Nf7# 0-1

[Event "AUTO-ADV-4921"]
[Site "http://www.queenalice.com/game.php?id=1869811"]
[Date "2026.2.26"]
[Round "1"]
[White "Daniel1962"]
[Black "altair"]
[Result "0-1"]
[WhiteElo "1749"]
[BlackElo "1766"]

1. e4 e5 2. Nf3 d6 3. Bc4 h6 4. d4 Nc6 5. dxe5 dxe5 6. Be3 Nf6 7. Qxd8+ Kxd8 8.
Bxf7 Nxe4 9. Nbd2 Nd6 10. Bg6 Be6 11. O-O Ne7 12. Nxe5 Bf5 13. Bxf5 Nexf5 14.
Nb3 Be7 15. Ng6 Re8 16. Nc5 b6 17. Ne6+ Kd7 18. Nxe7 Rxe7 19. Nd4 Nxe3 20. fxe3
Rxe3 21. a4 Rae8 22. b4 Nc4 23. Rf7+ R8e7 24. Rf4 R3e4 25. Rxe4 Rxe4 26. c3 g5
27. Nf5 h5 28. a5 b5 29. Rd1+ Ke6 30. Ng7+ Kf7 31. Rd7+ Kg6 32. Rxc7 Ne3 33.
Rxa7 Ng4 34. Kf1 Nxh2+ 35. Kf2 Rf4+ 36. Kg1 Ng4 37. Ne6 Re4 38. Nc5 Re1# 0-1